[Event "BEL-chT 2122"]
[Site "Belgium"]
[Date "2022.03.20"]
[Round "4.2"]
[White "Litwak, Aleksej"]
[Black "Godart, Francois"]
[Result "1/2-1/2"]
[WhiteElo "2303"]
[BlackElo "2414"]
[PlyCount "42"]
[EventDate "2021.10.24"]
[EventType "team-tourn"]
[EventRounds "11"]
[EventCountry "BEL"]
[SourceTitle "EXT 2023"]
[Source "ChessBase"]
[SourceDate "2022.10.05"]
[SourceVersion "1"]
[SourceVersionDate "2022.10.05"]
[SourceQuality "1"]
[WhiteTeam "KSK47 Eynatten"]
[BlackTeam "Liege Crelel"]
[WhiteTeamCountry "BEL"]
[BlackTeamCountry "BEL"]

1. e4 e5 2. Nf3 Nc6 3. Bb5 Nf6 4. 0-0 Nxe4 5. Re1 Nd6 6. Nxe5 Be7 7. Bd3 Nxe5 8. Rxe5 0-0 9. Nc3 Ne8 10. Nd5 Bd6 11. Re3 c6 12. Nc3 Bc7 13. b3 d5 14. Ba3 Bd6 15. Bxd6 Nxd6 16. Qh5 g6 17. Qe5 Bf5 18. Qd4 Qb6 19. Qf6 Qd8 20. Qd4 Qb6 21. Qf6 Qd8 1/2-1/2

[Event "BEL-chT 2122"]
[Site "Belgium"]
[Date "2022.02.20"]
[Round "8.3"]
[White "Milliet, Sophie"]
[Black "Litwak, Aleksej"]
[Result "1-0"]
[WhiteElo "2410"]
[BlackElo "2303"]
[PlyCount "53"]
[EventDate "2021.10.24"]
[EventType "team-tourn"]
[EventRounds "11"]
[EventCountry "BEL"]
[SourceTitle "EXT 2023"]
[Source "ChessBase"]
[SourceDate "2022.10.05"]
[SourceVersion "1"]
[SourceVersionDate "2022.10.05"]
[SourceQuality "1"]
[WhiteTeam "Wachtebeke"]
[BlackTeam "KSK47 Eynatten"]
[WhiteTeamCountry "BEL"]
[BlackTeamCountry "BEL"]

1. e4 c5 2. Nf3 e6 3. d4 cxd4 4. Nxd4 Nf6 5. Nc3 Nc6 6. Be2 Bb4 7. 0-0 Bxc3 8. bxc3 Nxe4 9. Qd3 d5 10. Ba3 Qa5 11. Nb5 a6 12. Nd6+ Nxd6 13. Bxd6 f5 14. c4 Kf7 15. Rad1 Rd8 16. Qg3 Qxa2 17. Rfe1 d4 18. c3 dxc3 19. Be5 Rg8 20. Bxc3 e5 21. Bxe5 Be6 22. Rb1 b5 23. cxb5 axb5 24. Rxb5 Nxe5 25. Qxe5 Ra7 26. Rc5 Re8 27. Bc4 1-0

[Event "BEL-chT 2122"]
[Site "Belgium"]
[Date "2022.02.13"]
[Round "7.4"]
[White "Van der Stricht, Geert"]
[Black "Litwak, Aleksej"]
[Result "1/2-1/2"]
[WhiteElo "2366"]
[BlackElo "2303"]
[PlyCount "45"]
[EventDate "2021.10.24"]
[EventType "team-tourn"]
[EventRounds "11"]
[EventCountry "BEL"]
[SourceTitle "EXT 2023"]
[Source "ChessBase"]
[SourceDate "2022.10.05"]
[SourceVersion "1"]
[SourceVersionDate "2022.10.05"]
[SourceQuality "1"]
[WhiteTeam "KGSRL"]
[BlackTeam "KSK47 Eynatten"]
[WhiteTeamCountry "BEL"]
[BlackTeamCountry "BEL"]

1. d4 d5 2. c4 e6 3. Nf3 c5 4. cxd5 exd5 5. g3 Nf6 6. Bg2 Nc6 7. 0-0 Be7 8. Be3 c4 9. b3 cxb3 10. Qxb3 Na5 11. Qd3 Nc4 12. Nbd2 Nxe3 13. Qxe3 0-0 14. Rab1 Re8 15. Ne5 Ng4 16. Qb3 Nxe5 17. dxe5 Be6 18. Qxb7 Qa5 19. Nb3 Qxa2 20. Nd4 Bc5 21. e3 Bxd4 22. exd4 a5 23. Rfc1 1/2-1/2

[Event "BEL-chT 2122"]
[Site "Belgium"]
[Date "2022.01.30"]
[Round "6.5"]
[White "Terryn, Ezra"]
[Black "Litwak, Aleksej"]
[Result "1/2-1/2"]
[WhiteElo "2121"]
[BlackElo "2303"]
[PlyCount "143"]
[EventDate "2021.10.24"]
[EventType "team-tourn"]
[EventRounds "11"]
[EventCountry "BEL"]
[SourceTitle "EXT 2023"]
[Source "ChessBase"]
[SourceDate "2022.10.05"]
[SourceVersion "1"]
[SourceVersionDate "2022.10.05"]
[SourceQuality "1"]
[WhiteTeam "Borgerhout"]
[BlackTeam "KSK47 Eynatten"]
[WhiteTeamCountry "BEL"]
[BlackTeamCountry "BEL"]

1. e4 c5 2. d4 cxd4 3. c3 Nf6 4. e5 Nd5 5. Nf3 e6 6. cxd4 d6 7. a3 Bd7 8. Bd3 Bc6 9. 0-0 Nd7 10. Re1 Rc8 11. Nbd2 dxe5 12. dxe5 Nc5 13. Ne4 Nc3 14. Nxc3 Nxd3 15. Re3 Nxc1 16. Rxc1 Qxd1+ 17. Rxd1 Bc5 18. Red3 Ke7 19. Nd4 Bxd4 20. Rxd4 f6 21. exf6+ gxf6 22. f3 e5 23. Rh4 Ke6 24. Kf2 Rc7 25. Rd2 Rhc8 26. Ke3 Be8 27. Rh6 Bg6 28. Nb5 Rc2 29. Nc3 Rc1 30. Rh4 Rh1 31. Ra4 a6 32. Rb4 b5 33. a4 Rc4 34. Rb3 b4 35. Ne4 Bxe4 36. fxe4 Re1+ 37. Kf2 Rexe4 38. Rh3 Rh4 39. Rxh4 Rxh4 40. Rd8 Rd4 41. Ra8 Rd2+ 42. Kf3 Rxb2 43. Rxa6+ Kf5 44. g4+ Kg6 45. h4 h6 46. Rb6 Rb3+ 47. Kf2 Rb2+ 48. Kf3 b3 49. a5 Rb1 50. a6 Rf1+ 51. Kg3 Ra1 52. Rxb3 Rxa6 53. h5+ Kg7 54. Rb7+ Kg8 55. Kf3 Ra4 56. Rc7 Rf4+ 57. Kg3 f5 58. gxf5 Rxf5 59. Kg4 Rg5+ 60. Kh4 Rg7 61. Rc6 Kh7 62. Re6 Rg5 63. Re8 Kg7 64. Re6 Rf5 65. Rg6+ Kh7 66. Kg4 Rf4+ 67. Kg3 Rf1 68. Re6 Rf5 69. Re7+ Kg8 70. Kg4 Rf4+ 71. Kg3 Rf5 72. Kg4 1/2-1/2

[Event "GER-ch Net blitz qual3"]
[Site "Playchess.com INT"]
[Date "2020.03.21"]
[Round "5"]
[White "Baskin, Robert"]
[Black "Litwak, Aleksej"]
[Result "1-0"]
[WhiteElo "2385"]
[BlackElo "2295"]
[PlyCount "79"]
[EventDate "2020.03.21"]
[EventType "swiss (blitz)"]
[EventRounds "9"]
[EventCountry "GER"]
[SourceTitle "CBM 195 Extra"]
[Source "ChessBase"]
[SourceDate "2020.05.31"]
[SourceVersion "1"]
[SourceVersionDate "2020.05.31"]
[SourceQuality "1"]

1. e4 c5 2. Nf3 e6 3. d4 cxd4 4. Nxd4 Nf6 5. Nc3 Nc6 6. Nxc6 bxc6 7. e5 Nd5 8. Ne4 Qc7 9. f4 Qb6 10. c4 Ne3 11. Qd3 Bb4+ 12. Bd2 0-0 13. Rc1 a5 14. c5 Bxd2+ 15. Qxd2 Qb4 16. Bd3 Ba6 17. Qxb4 axb4 18. Bb1 Nd5 19. g3 f6 20. exf6 gxf6 21. Kf2 f5 22. Nd6 Rfb8 23. b3 Bb5 24. g4 fxg4 25. Rhg1 Nxf4 26. Rxg4+ Ng6 27. Rcg1 Rf8+ 28. Ke3 Rf1 29. Rxf1 Bxf1 30. Rxb4 Ne7 31. Rg4+ Ng6 32. h4 Kh8 33. h5 Ne5 34. Rg1 Rf8 35. Be4 Ba6 36. Kd4 Nf3+ 37. Bxf3 Rxf3 38. Ke5 h6 39. Ne8 Rf5+ 40. Kd6 1-0

[Event "GER-ch Net blitz qual3"]
[Site "Playchess.com INT"]
[Date "2020.03.21"]
[Round "6"]
[White "Dahl, Christoph"]
[Black "Litwak, Aleksej"]
[Result "1-0"]
[WhiteElo "2228"]
[BlackElo "2295"]
[PlyCount "67"]
[EventDate "2020.03.21"]
[EventType "swiss (blitz)"]
[EventRounds "9"]
[EventCountry "GER"]
[SourceTitle "CBM 195 Extra"]
[Source "ChessBase"]
[SourceDate "2020.05.31"]
[SourceVersion "1"]
[SourceVersionDate "2020.05.31"]
[SourceQuality "1"]

1. e4 c5 2. Nf3 e6 3. d4 cxd4 4. Nxd4 Nf6 5. Nc3 Nc6 6. Ndb5 Bb4 7. Nd6+ Ke7 8. Bf4 e5 9. Nf5+ Kf8 10. Bg5 d5 11. Bxf6 Qxf6 12. Qxd5 Be6 13. Qb5 g6 14. Qxb7 Rc8 15. Ne3 Qf4 16. Bd3 Kg7 17. 0-0 Bxc3 18. bxc3 h5 19. Nd5 Qg5 20. f4 exf4 21. Nxf4 Qc5+ 22. Kh1 Rce8 23. Nxe6+ Rxe6 24. Qxf7+ Kh6 25. Qxe6 Ne5 26. Qd5 Qc7 27. Be2 Rd8 28. Qe6 Rd2 29. Bf3 Rxc2 30. Qf6 Nd3 31. Qh8+ Kg5 32. h4+ Kxh4 33. Qf6+ Kg3 34. Qg5# 1-0

[Event "GER-ch Net blitz qual3"]
[Site "Playchess.com INT"]
[Date "2020.03.21"]
[Round "4"]
[White "Litwak, Aleksej"]
[Black "Perkampus, Laurin"]
[Result "1-0"]
[WhiteElo "2295"]
[BlackElo "2086"]
[PlyCount "95"]
[EventDate "2020.03.21"]
[EventType "swiss (blitz)"]
[EventRounds "9"]
[EventCountry "GER"]
[SourceTitle "CBM 195 Extra"]
[Source "ChessBase"]
[SourceDate "2020.05.31"]
[SourceVersion "1"]
[SourceVersionDate "2020.05.31"]
[SourceQuality "1"]

1. e4 c5 2. Nf3 Nc6 3. d4 cxd4 4. Nxd4 g6 5. c4 Bg7 6. Be3 Nf6 7. Nc3 0-0 8. Be2 d6 9. 0-0 Bd7 10. Rc1 Nxd4 11. Bxd4 Bc6 12. f3 a5 13. b3 Nd7 14. Be3 Nc5 15. Qd2 Qb6 16. Rc2 Rfc8 17. Rb1 Qb4 18. Nd5 Bxd5 19. cxd5 Qxd2 20. Bxd2 Bd4+ 21. Kf1 a4 22. b4 Na6 23. Rbc1 Rxc2 24. Rxc2 Bb6 25. Bxa6 Rxa6 26. Rc8+ Kg7 27. Bc3+ f6 28. a3 g5 29. Ke2 h5 30. h3 h4 31. Kd3 Bf2 32. Rc7 Kf7 33. Rxb7 Rb6 34. Rxb6 Bxb6 35. Kc4 Kg6 36. Kb5 Be3 37. Kxa4 f5 38. b5 g4 39. Ba5 Kg5 40. b6 Kf4 41. b7 Ba7 42. Bb6 Bb8 43. exf5 gxh3 44. gxh3 Kxf3 45. Bd8 Kg3 46. Bxe7 Kxh3 47. Bxh4 Kxh4 48. f6 1-0

[Event "GER-ch Net blitz qual3"]
[Site "Playchess.com INT"]
[Date "2020.03.21"]
[Round "2"]
[White "Litwak, Aleksej"]
[Black "Schaefer, Konstantin"]
[Result "1-0"]
[WhiteElo "2295"]
[BlackElo "1754"]
[PlyCount "49"]
[EventDate "2020.03.21"]
[EventType "swiss (blitz)"]
[EventRounds "9"]
[EventCountry "GER"]
[SourceTitle "CBM 195 Extra"]
[Source "ChessBase"]
[SourceDate "2020.05.31"]
[SourceVersion "1"]
[SourceVersionDate "2020.05.31"]
[SourceQuality "1"]

1. e4 c5 2. Nf3 Nc6 3. d4 cxd4 4. Nxd4 g6 5. c4 Bg7 6. Be3 Nf6 7. Nc3 0-0 8. Be2 b6 9. 0-0 Bb7 10. f3 a6 11. b3 e6 12. Qd2 d6 13. Rfd1 Qc7 14. Rac1 Rfd8 15. Nd5 exd5 16. cxd5 Qe7 17. dxc6 Bc8 18. c7 Rd7 19. Nc6 Qe8 20. Bxb6 Bb7 21. Nd8 Bc8 22. Bd4 d5 23. e5 Re7 24. exf6 Rxe2 25. Re1 1-0

[Event "GER-ch Net blitz qual1"]
[Site "Playchess.com INT"]
[Date "2020.03.07"]
[Round "2"]
[White "Heinig, Wolfram"]
[Black "Litwak, Aleksej"]
[Result "0-1"]
[WhiteElo "2232"]
[BlackElo "2295"]
[PlyCount "52"]
[EventDate "2020.03.07"]
[EventType "swiss (blitz)"]
[EventRounds "9"]
[EventCountry "GER"]
[SourceTitle "CBM 195 Extra"]
[Source "ChessBase"]
[SourceDate "2020.05.31"]
[SourceVersion "1"]
[SourceVersionDate "2020.05.31"]
[SourceQuality "1"]

1. d4 d5 2. c4 e6 3. Nf3 c5 4. g3 Nc6 5. Bg2 Nf6 6. 0-0 Be7 7. cxd5 exd5 8. Nc3 0-0 9. b3 Ne4 10. Bb2 Bf6 11. Na4 b6 12. Rc1 Ba6 13. Re1 Re8 14. dxc5 Bxb2 15. Nxb2 bxc5 16. Na4 c4 17. Nd2 Qf6 18. Nxe4 dxe4 19. Nc5 Rad8 20. Qc2 Nd4 21. Nxe4 Qe5 22. Qb1 cxb3 23. Nc3 Nc2 24. Qxb3 Nxe1 25. Rxe1 Rb8 26. Qa4 Qxc3 0-1

[Event "GER-ch Net blitz qual1"]
[Site "Playchess.com INT"]
[Date "2020.03.07"]
[Round "4"]
[White "Litwak, Aleksej"]
[Black "Fehmer, Dirk"]
[Result "1-0"]
[WhiteElo "2295"]
[BlackElo "2113"]
[PlyCount "81"]
[EventDate "2020.03.07"]
[EventType "swiss (blitz)"]
[EventRounds "9"]
[EventCountry "GER"]
[SourceTitle "CBM 195 Extra"]
[Source "ChessBase"]
[SourceDate "2020.05.31"]
[SourceVersion "1"]
[SourceVersionDate "2020.05.31"]
[SourceQuality "1"]

1. e4 e6 2. d4 d5 3. Nd2 Nc6 4. Ngf3 Nf6 5. e5 Nd7 6. Bb5 a5 7. 0-0 Na7 8. Bd3 c5 9. c4 cxd4 10. cxd5 Nc5 11. Nc4 exd5 12. Nd6+ Bxd6 13. exd6 Nxd3 14. Qxd3 Qxd6 15. Re1+ Be6 16. Qxd4 0-0 17. Bf4 Qb4 18. Qxb4 axb4 19. Bd6 Rfc8 20. Bxb4 Nb5 21. a4 Nc7 22. Nd4 Na6 23. Bd6 Rd8 24. Bg3 Nb4 25. Nxe6 fxe6 26. Rxe6 Nd3 27. Re7 Nxb2 28. Be5 Nxa4 29. Rxg7+ Kf8 30. Rxh7 d4 31. Bxd4 Ra6 32. Be3 Rd5 33. h3 Nc3 34. Rxa6 bxa6 35. Ra7 a5 36. g4 Nd1 37. Kg2 Nc3 38. Kf3 a4 39. h4 Rb5 40. h5 Rb4 41. Bc5+ 1-0

[Event "GER-ch Net blitz qual1"]
[Site "Playchess.com INT"]
[Date "2020.03.07"]
[Round "9"]
[White "Litwak, Aleksej"]
[Black "Fischer, Thomas"]
[Result "0-1"]
[WhiteElo "2295"]
[BlackElo "1954"]
[PlyCount "44"]
[EventDate "2020.03.07"]
[EventType "swiss (blitz)"]
[EventRounds "9"]
[EventCountry "GER"]
[SourceTitle "CBM 195 Extra"]
[Source "ChessBase"]
[SourceDate "2020.05.31"]
[SourceVersion "1"]
[SourceVersionDate "2020.05.31"]
[SourceQuality "1"]

1. Nf3 f5 2. d3 g6 3. e4 d6 4. Nc3 Bg7 5. g3 Nf6 6. Bg2 c6 7. 0-0 e5 8. exf5 Bxf5 9. d4 e4 10. Re1 d5 11. Nh4 Qd7 12. f3 0-0 13. Nxf5 gxf5 14. Bg5 Na6 15. a3 Rae8 16. Qd2 Nc7 17. Bh3 exf3 18. Qf4 Ne6 19. Qxf5 Nxg5 20. Qxd7 Nxd7 21. Bxd7 f2+ 22. Kg2 fxe1Q 0-1

[Event "GER-ch Net blitz qual1"]
[Site "Playchess.com INT"]
[Date "2020.03.07"]
[Round "5"]
[White "Mooser, Stefan"]
[Black "Litwak, Aleksej"]
[Result "1/2-1/2"]
[WhiteElo "2283"]
[BlackElo "2295"]
[PlyCount "119"]
[EventDate "2020.03.07"]
[EventType "swiss (blitz)"]
[EventRounds "9"]
[EventCountry "GER"]
[SourceTitle "CBM 195 Extra"]
[Source "ChessBase"]
[SourceDate "2020.05.31"]
[SourceVersion "1"]
[SourceVersionDate "2020.05.31"]
[SourceQuality "1"]

1. d4 d5 2. c4 e6 3. g3 c5 4. Bg2 Nf6 5. Nf3 Nc6 6. 0-0 Be7 7. dxc5 Bxc5 8. a3 a5 9. cxd5 exd5 10. Qc2 Be7 11. Rd1 0-0 12. Nc3 h6 13. h3 Be6 14. Be3 Rc8 15. Nd4 Nxd4 16. Bxd4 b5 17. Qb3 b4 18. axb4 axb4 19. Na4 Rc4 20. e3 Ne4 21. Rac1 Rxc1 22. Rxc1 Qa5 23. Qd1 Rb8 24. b3 Qd8 25. Qc2 Rc8 26. Qb2 Rxc1+ 27. Qxc1 Qc8 28. Qxc8+ Bxc8 29. Bxe4 dxe4 30. Kg2 Be6 31. Nc5 Bd5 32. Kf1 f5 33. Ke2 g5 34. Kd2 Kf7 35. Kc2 Bd6 36. Na4 Kg6 37. Bc5 Bxc5 38. Nxc5 f4 39. Na6 Be6 40. Nxb4 Bxh3 41. exf4 gxf4 42. Nd5 fxg3 43. fxg3 Kg5 44. Ne3 Bd7 45. b4 h5 46. Kc3 h4 47. gxh4+ Kxh4 48. Kd4 Bc6 49. Kc5 Ba8 50. Kb6 Kg3 51. Ka7 Bc6 52. Kb6 Ba4 53. b5 Kf3 54. Nd5 Bb3 55. Kc6 Bxd5+ 56. Kxd5 e3 57. b6 e2 58. b7 e1Q 59. b8Q Qe4+ 60. Kc5 1/2-1/2

[Event "GER-ch Net blitz qual1"]
[Site "Playchess.com INT"]
[Date "2020.03.07"]
[Round "1"]
[White "Noack, Mario"]
[Black "Litwak, Aleksej"]
[Result "0-1"]
[WhiteElo "2111"]
[BlackElo "2295"]
[PlyCount "52"]
[EventDate "2020.03.07"]
[EventType "swiss (blitz)"]
[EventRounds "9"]
[EventCountry "GER"]
[SourceTitle "CBM 195 Extra"]
[Source "ChessBase"]
[SourceDate "2020.05.31"]
[SourceVersion "1"]
[SourceVersionDate "2020.05.31"]
[SourceQuality "1"]

1. c4 e6 2. g3 d5 3. d4 Nf6 4. Bg2 c5 5. cxd5 exd5 6. Nf3 Nc6 7. 0-0 Be7 8. Nc3 0-0 9. Bf4 c4 10. Re1 Re8 11. e4 dxe4 12. Nxe4 Nxe4 13. Rxe4 Bf5 14. Re1 Qb6 15. d5 Rad8 16. d6 Qxb2 17. Nh4 Bxh4 18. Rxe8+ Rxe8 19. gxh4 c3 20. Rc1 c2 21. Qf1 Qd4 22. Qb5 Qxf4 23. Bxc6 Qxc1+ 24. Kg2 bxc6 25. Qxc6 Qe1 26. d7 Be4+ 0-1

[Event "BEL-chT 1920"]
[Site "Belgium"]
[Date "2020.02.02"]
[Round "7.4"]
[White "Berend, Fred"]
[Black "Litwak, Aleksej"]
[Result "0-1"]
[WhiteElo "2342"]
[BlackElo "2290"]
[PlyCount "119"]
[EventDate "2019.09.29"]
[EventType "team-tourn"]
[EventRounds "11"]
[EventCountry "BEL"]
[SourceTitle "CBM 195 Extra"]
[Source "ChessBase"]
[SourceDate "2020.05.31"]
[SourceVersion "1"]
[SourceVersionDate "2020.05.31"]
[SourceQuality "1"]
[WhiteTeam "Liege Crelel"]
[BlackTeam "KSK47 Eynatten"]
[WhiteTeamCountry "BEL"]
[BlackTeamCountry "BEL"]

1. g3 d5 2. Nf3 Nf6 3. Bg2 c5 4. 0-0 Nc6 5. d3 e5 6. Bg5 Be7 7. Nfd2 0-0 8. Nc3 Be6 9. e4 d4 10. Bxf6 Bxf6 11. Nd5 Bg5 12. f4 exf4 13. gxf4 Bh6 14. c4 dxc3 15. bxc3 f5 16. Rb1 fxe4 17. dxe4 b6 18. Rf2 Kh8 19. Qh5 Ne7 20. Rbf1 Bf7 21. Qf3 Ng6 22. f5 Nh4 23. Qd3 Bxd5 24. exd5 Qg5 25. Qg3 Nxg2 26. Kxg2 Rae8 27. Nc4 Qf6 28. Rf3 Re4 29. Ne3 Qxc3 30. Ng4 Qd2+ 31. Kh1 Qxd5 32. f6 Bf4 33. fxg7+ Kxg7 34. Ne3+ Bxg3 35. Nxd5 Rxf3 36. Rxf3 Be5 37. Ra3 Bb8 38. Ne3 Kf6 39. Kg2 Ke5 40. h3 Rd4 41. Ng4+ Kf5 42. Rf3+ Bf4 43. Ra3 a5 44. Rb3 Rb4 45. Rd3 h5 46. Rd5+ Ke4 47. Nf6+ Ke3 48. Nxh5 Rb2+ 49. Kf1 Kf3 50. Ke1 Be3 51. Nf6 Rxa2 52. Kd1 a4 53. Rf5+ Kg3 54. Ne4+ Kh4 55. Rf6 Kh5 56. Rf5+ Kg6 57. Rf6+ Kg7 58. Rxb6 Ra1+ 59. Kc2 Rc1+ 60. Kd3 0-1

[Event "EU-ch blitz"]
[Site "Tallinn"]
[Date "2019.12.07"]
[Round "13"]
[White "Litwak, Aleksej"]
[Black "Saric, Ante"]
[Result "0-1"]
[WhiteElo "2284"]
[BlackElo "2577"]
[PlyCount "58"]
[EventDate "2019.12.07"]
[EventType "swiss (blitz)"]
[EventRounds "22"]
[EventCountry "EST"]
[SourceTitle "CBM 193 Extra"]
[Source "ChessBase"]
[SourceDate "2020.01.31"]
[SourceVersion "1"]
[SourceVersionDate "2020.01.31"]
[SourceQuality "1"]

1. e4 d5 2. exd5 Nf6 3. Nf3 Bg4 4. Be2 Nxd5 5. d4 e6 6. c4 Nb6 7. Nc3 Nc6 8. d5 exd5 9. cxd5 Bxf3 10. Bxf3 Ne5 11. 0-0 Bd6 12. Ne4 0-0 13. Nxd6 Qxd6 14. Bf4 Nxf3+ 15. Qxf3 Qxd5 16. Bxc7 Qxf3 17. gxf3 Nd5 18. Be5 f6 19. Bd4 Rfd8 20. Rfd1 a6 21. Rac1 Rac8 22. Rxc8 Rxc8 23. Kf1 Kf7 24. Ke1 Ke6 25. Kd2 Kf5 26. Rg1 g6 27. Re1 Rd8 28. Kc1 Nf4 29. Bb6 Rd6 0-1

[Event "EU-ch blitz"]
[Site "Tallinn"]
[Date "2019.12.07"]
[Round "14"]
[White "Saric, Ante"]
[Black "Litwak, Aleksej"]
[Result "1-0"]
[WhiteElo "2577"]
[BlackElo "2284"]
[PlyCount "137"]
[EventDate "2019.12.07"]
[EventType "swiss (blitz)"]
[EventRounds "22"]
[EventCountry "EST"]
[SourceTitle "CBM 193 Extra"]
[Source "ChessBase"]
[SourceDate "2020.01.31"]
[SourceVersion "1"]
[SourceVersionDate "2020.01.31"]
[SourceQuality "1"]

1. Nf3 d5 2. g3 c5 3. Bg2 Nc6 4. d4 e6 5. 0-0 Nf6 6. c4 Be7 7. cxd5 exd5 8. dxc5 Bxc5 9. Qc2 Be7 10. Nc3 0-0 11. Be3 Re8 12. Rfd1 Bg4 13. Nd4 Qd7 14. Nb3 Bf5 15. Qd2 Bb4 16. a3 Bxc3 17. Qxc3 Ne4 18. Bxe4 Bxe4 19. Nc5 Qe7 20. Nxe4 dxe4 21. Rd5 Rad8 22. Rad1 Rxd5 23. Rxd5 Rd8 24. Qd2 Rxd5 25. Qxd5 h6 26. h4 a6 27. h5 Qe8 28. Bf4 Qe7 29. Kg2 Qe8 30. g4 Qe7 31. Kg3 Qe8 32. e3 Qe7 33. g5 hxg5 34. Bxg5 Qc7+ 35. Bf4 Qe7 36. h6 gxh6 37. Bxh6 Kh7 38. Bf4 Kg6 39. Kg4 Qe6+ 40. Qxe6+ fxe6 41. Bg3 e5 42. Bh4 Na5 43. Be7 Nc4 44. b3 Nd2 45. b4 Nc4 46. a4 Nb2 47. a5 Nd3 48. Kg3 Kf5 49. Bf8 Ne1 50. Bc5 Nf3 51. Bf8 Ke6 52. Kg4 Kd5 53. Kf5 Nh4+ 54. Kf6 Nf3 55. Ke7 Kc6 56. Ke6 Kb5 57. Kd5 b6 58. axb6 Kxb6 59. Kxe4 Nd2+ 60. Kxe5 Kb5 61. f4 Nc4+ 62. Kd4 Nb6 63. e4 Nd7 64. Be7 Kc6 65. f5 Nb6 66. f6 Kd7 67. Bc5 Na4 68. f7 Nxc5 69. Kxc5 1-0

[Event "BEL-chT 1920"]
[Site "Belgium"]
[Date "2019.09.29"]
[Round "1.4"]
[White "Litwak, Aleksej"]
[Black "Beerdsen, Thomas"]
[Result "0-1"]
[WhiteElo "2290"]
[BlackElo "2482"]
[PlyCount "74"]
[EventDate "2019.09.29"]
[EventType "team-tourn"]
[EventRounds "11"]
[EventCountry "BEL"]
[SourceTitle "CBM 195 Extra"]
[Source "ChessBase"]
[SourceDate "2020.05.31"]
[SourceVersion "1"]
[SourceVersionDate "2020.05.31"]
[SourceQuality "1"]
[WhiteTeam "KSK47 Eynatten"]
[BlackTeam "Echiquier Mosan"]
[WhiteTeamCountry "BEL"]
[BlackTeamCountry "BEL"]

1. e4 c5 2. Nf3 e6 3. d4 cxd4 4. Nxd4 Nc6 5. Nc3 Qc7 6. Ndb5 Qb8 7. Be3 a6 8. Bb6 axb5 9. Nxb5 Bb4+ 10. c3 Ba5 11. Nc7+ Qxc7 12. Bxc7 Bxc7 13. Qg4 g6 14. Bb5 Nf6 15. Qe2 0-0 16. 0-0 d5 17. exd5 exd5 18. a4 Bg4 19. Qd2 Rfd8 20. f3 Bf5 21. b4 d4 22. Bxc6 bxc6 23. cxd4 Nd5 24. b5 cxb5 25. axb5 Rab8 26. Qb2 Bd3 27. Rfc1 Rxb5 28. Qa3 Bf5 29. Qa6 Rb2 30. Qa3 Rdb8 31. Ra2 R2b4 32. Rd1 Be6 33. Rad2 Bf4 34. Rd3 Bf5 35. Qa2 Bxd3 36. Qxd5 Be3+ 37. Kh1 Rb1 0-1

[Event "BEL-chT 1718"]
[Site "Belgium"]
[Date "2018.02.25"]
[Round "7.7"]
[White "Litwak, Aleksej"]
[Black "Ratsma, Rosa"]
[Result "0-1"]
[WhiteElo "2326"]
[BlackElo "2283"]
[PlyCount "54"]
[EventDate "2017.09.24"]
[EventType "team-tourn"]
[EventRounds "11"]
[EventCountry "BEL"]
[SourceTitle "EXT 2019"]
[Source "ChessBase"]
[SourceDate "2018.10.10"]
[SourceVersion "1"]
[SourceVersionDate "2018.10.10"]
[SourceQuality "1"]
[WhiteTeam "Eynatten"]
[BlackTeam "Wachtebeke"]
[WhiteTeamCountry "BEL"]
[BlackTeamCountry "BEL"]

1. e4 c5 2. Nf3 d6 3. d4 cxd4 4. Nxd4 Nf6 5. Nc3 a6 6. Be2 Nbd7 7. 0-0 g6 8. f4 Bg7 9. Kh1 Qc7 10. Bf3 0-0 11. f5 Ne5 12. Bg5 e6 13. Qe1 h6 14. Bh4 g5 15. Bg3 Bd7 16. Rd1 b5 17. a3 Rab8 18. fxe6 fxe6 19. Bxe5 dxe5 20. Nb3 a5 21. Qd2 b4 22. axb4 axb4 23. Na2 Bb5 24. Be2 Nxe4 25. Qe3 Qxc2 26. Bxb5 Nf2+ 27. Kg1 Nxd1 0-1

[Event "Oberliga NRW 1617"]
[Site "Germany"]
[Date "2017.02.12"]
[Round "6.3"]
[White "Koehler, Christian Friedrich"]
[Black "Litwak, Aleksej"]
[Result "0-1"]
[WhiteElo "2137"]
[BlackElo "2301"]
[PlyCount "56"]
[EventDate "2016.09.25"]
[EventType "team-tourn"]
[EventRounds "9"]
[EventCountry "GER"]
[SourceTitle "EXT 2020"]
[Source "ChessBase"]
[SourceDate "2019.10.17"]
[SourceVersion "1"]
[SourceVersionDate "2019.10.17"]
[SourceQuality "1"]
[WhiteTeam "Godesberg"]
[BlackTeam "Oberhausen"]
[WhiteTeamCountry "GER"]
[BlackTeamCountry "GER"]

1. e4 c5 2. Nf3 d6 3. d4 cxd4 4. Nxd4 Nf6 5. Nc3 Nc6 6. Bg5 e6 7. Qd2 a6 8. 0-0-0 Bd7 9. f4 h6 10. Bh4 Nxe4 11. Qe1 Nf6 12. Nf5 Qa5 13. Nxd6+ Bxd6 14. Rxd6 Qc7 15. Qd2 0-0-0 16. Bxf6 gxf6 17. Ne4 Ne7 18. Nxf6 Bc6 19. Rxd8+ Rxd8 20. Bd3 Rxd3 21. Qxd3 Qxf4+ 22. Kb1 Qxf6 23. Rd1 Nd5 24. g3 e5 25. c4 e4 26. Qd4 Qxd4 27. Rxd4 Ne3 28. Rd6 Nxc4 0-1

[Event "Oberliga NRW 1617"]
[Site "Germany"]
[Date "2017.01.22"]
[Round "5.3"]
[White "Litwak, Aleksej"]
[Black "Arndt, Stefan"]
[Result "1/2-1/2"]
[WhiteElo "2301"]
[BlackElo "2215"]
[PlyCount "44"]
[EventDate "2016.09.25"]
[EventType "team-tourn"]
[EventRounds "9"]
[EventCountry "GER"]
[SourceTitle "EXT 2020"]
[Source "ChessBase"]
[SourceDate "2019.10.17"]
[SourceVersion "1"]
[SourceVersionDate "2019.10.17"]
[SourceQuality "1"]
[WhiteTeam "Oberhausen"]
[BlackTeam "Ennepe Ruhr Sued"]
[WhiteTeamCountry "GER"]
[BlackTeamCountry "GER"]

1. e4 e5 2. Nf3 Nc6 3. Bb5 a6 4. Bxc6 bxc6 5. 0-0 d6 6. d4 exd4 7. Nxd4 Qd7 8. Nc3 g6 9. Re1 Bg7 10. Bf4 c5 11. Nf3 Ne7 12. Nd5 0-0 13. e5 dxe5 14. Nxe7+ Qxe7 15. Bxe5 Bxe5 16. Rxe5 Qd6 17. Qxd6 cxd6 18. Rd5 Rd8 19. Rad1 Be6 20. Rxd6 Rxd6 21. Rxd6 Bxa2 22. Kf1 Rb8 1/2-1/2

[Event "Oberliga NRW 1617"]
[Site "Germany"]
[Date "2016.10.23"]
[Round "2.3"]
[White "Wacker, Peter"]
[Black "Litwak, Aleksej"]
[Result "1/2-1/2"]
[WhiteElo "2306"]
[BlackElo "2301"]
[PlyCount "54"]
[EventDate "2016.09.25"]
[EventType "team-tourn"]
[EventRounds "9"]
[EventCountry "GER"]
[SourceTitle "EXT 2020"]
[Source "ChessBase"]
[SourceDate "2019.10.17"]
[SourceVersion "1"]
[SourceVersionDate "2019.10.17"]
[SourceQuality "1"]
[WhiteTeam "Koeln SF"]
[BlackTeam "Oberhausen"]
[WhiteTeamCountry "GER"]
[BlackTeamCountry "GER"]

1. e4 c5 2. Nf3 d6 3. g3 Nf6 4. Qe2 Nc6 5. c3 Bg4 6. d3 e6 7. Nbd2 Be7 8. h3 Bh5 9. Bg2 0-0 10. 0-0 b5 11. g4 Bg6 12. Nh4 Nd7 13. Nxg6 hxg6 14. f4 g5 15. Nf3 gxf4 16. Bxf4 Nde5 17. Rad1 Nxf3+ 18. Qxf3 e5 19. Bg3 Bh4 20. Bh2 a5 21. Kh1 a4 22. a3 Rc8 23. Bg1 Bf6 24. Be3 Bg5 25. Bf2 Bh4 26. Be3 Bg5 27. Bf2 Bh4 1/2-1/2